Manejo de la explotación bovina /
Guardado en:
| Autor Principal: | |
|---|---|
| Formato: | Libro |
| Publicado: |
Buenos Aires :
Orientación Gráfica,
2003
|
| Materias: | |
| Etiquetas: |
Agregar Etiqueta
Sin Etiquetas, Sea el primero en etiquetar este registro!
|
| LEADER | 00833nam a22001815a 4500 | ||
|---|---|---|---|
| 001 | CEM.cems017848 | ||
| 005 | 20121016095408.0 | ||
| 008 | 130507s2003##################000#0#####d | ||
| 003 | CEMS | ||
| 020 | |a 9879260201 | ||
| 082 | 0 | 4 | |a 636.2 |
| 100 | 1 | |a Vanoni, Edgardo J. | |
| 245 | 1 | 0 | |a Manejo de la explotación bovina / |c Edgardo J. Vanoni |
| 260 | |a Buenos Aires : |b Orientación Gráfica, |c 2003 | ||
| 300 | |a 137 p. | ||
| 505 | 0 | |a De la explotación a la empresa ganadera -- De pasto a carne -- Principios elementales para efectuar un apotreramiento con cercos elecetrificados -- La materia prima de la ganadería es el pasto -- La capitalización del ganado, filosofía de un negocio biológico de interés nacional -- Propuesta agropecuaria | |
| 653 | |a Explotación bovina | ||
| 859 | |a CEMS |b BIB. CEMS - Agricultura |h 636.2 |i V341-1 |p A1586.12 |t Ej.1 | ||
